000
00289nam a2200121 a 4500
008
100917s1959|||| d
245
1
0
_a
Zornička
100
1
_a
Dabrowská, Maria
260
_b
Slovenský spisovateľ
_a
Bratislava
_c
1959
020
_c
6,10
044
_a
xo
_c
SK
041
_a
slo
999
_c
10460
_d
10460